000 00764nam a22002537a 4500
001 77534
003 UA-OsUOA
005 20220127132245.0
007 ta
008 20110919b un ||||| |||| 00| 0 ukr d
020 _a9789665802327
040 _aUA-OsUOA
_bukr
_cUA-OsUOA
_dUA-OsUOA
041 _aukr
080 _a82.09(031)
090 _a82.09(031)
_bЛ67
245 _aЛітературознавча енциклопедія
_bу двох томах
_cЮ. І. Ковалів
260 _aК.
_bАКАДЕМІЯ
_c2007
300 _a624 с.
505 _gТ. 2
650 7 _a82 Література. Літературознавство
_2UDC
942 _cBK
_2udc
955 _a7
999 _c363840
_d363840